लोकसंख्याशास्र आणि भारतीय समाज (Record no. 369734)
[ view plain ]
| 000 -LEADER | |
|---|---|
| fixed length control field | 00426nam a22001457a 4500 |
| 005 - DATE AND TIME OF LATEST TRANSACTION | |
| control field | 20260107154941.0 |
| 008 - FIXED-LENGTH DATA ELEMENTS--GENERAL INFORMATION | |
| fixed length control field | 260107b |||||||| |||| 00| 0 eng d |
| 020 ## - INTERNATIONAL STANDARD BOOK NUMBER | |
| International Standard Book Number | 978-93-9-81374-59-7 |
| 041 ## - LANGUAGE CODE | |
| Language code of text/sound track or separate title | Mar |
| 100 ## - MAIN ENTRY--PERSONAL NAME | |
| Author | गोरे, अशोक |
| 245 ## - TITLE STATEMENT | |
| Title | लोकसंख्याशास्र आणि भारतीय समाज |
| 260 ## - PUBLICATION, DISTRIBUTION, ETC. | |
| Place of publication, distribution, etc. | Aurangabad |
| Name of publisher, distributor, etc. | Vidya Books |
| 300 ## - PHYSICAL DESCRIPTION | |
| Extent | 256 |
| 942 ## - ADDED ENTRY ELEMENTS (KOHA) | |
| Koha item type | Reference book |
| Withdrawn status | Lost status | Source of classification or shelving scheme | Damaged status | Not for loan | Home library | Current library | Date acquired | Vendor | Cost, normal purchase price | Bill number | Total Checkouts | Barcode | Date last seen | Bill Date | Koha item type | Original Barcode |
|---|---|---|---|---|---|---|---|---|---|---|---|---|---|---|---|---|
| Dewey Decimal Classification | Shri Siddhivinayak Mahila Mahavidyalaya | Shri Siddhivinayak Mahila Mahavidyalaya | 07/01/2026 | Vidya Books | 500.00 | 65057 | SSMM-BK-33730 | 07/01/2026 | 15/12/2025 | Reference book | 010033730 | |||||
| Dewey Decimal Classification | Shri Siddhivinayak Mahila Mahavidyalaya | Shri Siddhivinayak Mahila Mahavidyalaya | 07/01/2026 | Vidya Books | 500.00 | 65057 | SSMM-BK-33731 | 07/01/2026 | 15/12/2025 | Reference book | 010033731 |